000 00495cam a2200169 4500
001 BP2001871
008 s1980 mx gr spa
035 _aBP2001871
050 0 4 _aQC318
_b.S5 G6 1980
100 1 _aGonzález Campos, Rafael
245 1 0 _aSistemas termodinámicos fuera de equilibrio /
_cRafael González Campos.
250 _a1a. ed.
260 _aMéxico.
_bUMSNH-CONACYT
_c1980
300 _a35 h. 22cm
650 7 _aTermodinámica
_xEquilibrio
_2Lemb
942 _2lcc
_LIB
999 _c112318
_d112318